| 000 | 00448pab a2200169 454500 | ||
|---|---|---|---|
| 008 | 180718b2011 xxu||||| |||| 00| 0 eng d | ||
| 100 | _aStarkweather, Jo Ann | ||
| 245 | _aPMP certification as a core competency: Necessary but not sufficient | ||
| 260 | _c2011 | ||
| 300 | _ap.31-41. | ||
| 362 | _aFeb | ||
| 650 | _aProject management | ||
| 700 | _aStevenson, Deborah | ||
| 773 | _aProject Management Journal | ||
| 908 | _aN | ||
| 909 | _a92357 | ||
| 999 |
_c92357 _d92357 |
||